000 00658nam a2200181 a 4500
008 061113s1977 ||||||||||||||||| || u
050 _aHD 84.5 Anc.
100 _aAnchishkin, A
245 1 4 _aThe theory of growth of a socialist economy
260 _aMoscow
_bProgress Publishers
_c1977
300 _a340p. ;ill.
350 _a0.00
650 _aECONOMICS--DEVELOPMENT
650 0 _aECONOMICS
650 _aCOMMUNIST COUNTRIES--ECONOMIC CONDITIONS
650 _aMARXIAN ECONOMICS
995 _D0.00
_FCBU-MAIN LIBRARY (Kitwe)
_H1
_I0.00
_M1
_UAVAILABLE
_WNov 13, 2006
_ZAnnex Low-Usage Collection
999 _c59779
_d59779